[Event "Open"]
[Site "Zadar CRO"]
[Date "2004.12.16"]
[Round "6"]
[White "Dizdarevic,E"]
[Black "Rezan,Sasa"]
[Result "1/2-1/2"]
[WhiteElo "2538"]
[BlackElo "2416"]

1.Nf3 d5 2.g3 e6 3.Bg2 Be7 4.d4 Nf6 5.c4 O-O 6.Qc2 c5 7.dxc5 Qa5+ 8.Qc3 Qxc5
9.cxd5 Qb6 10.O-O Nxd5 11.Qc2 Nc6 12.a3 Qa6 13.Rd1 Ndb4 14.Qb3 e5 15.Rd2 Be6
16.Qd1 Na2 17.Nc3 Nxc3 18.bxc3 Rac8  1/2-1/2

[Event "zt 3.1"]
[Site "Beirut LIB"]
[Date "2004.12.17"]
[Round "5"]
[White "Abdulaziz,M"]
[Black "Kassis,A"]
[Result "0-1"]
[WhiteElo "2101"]
[BlackElo "2221"]

1.Nf3 d5 2.g3 Nf6 3.Bg2 e6 4.O-O Be7 5.d3 O-O 6.Nbd2 b6 7.e4 Bb7 8.e5 Nfd7
9.Qe2 c5 10.Ne1 Nc6 11.f4 Qc7 12.c3 a5 13.Ndf3 a4 14.h4 b5 15.g4 b4 16.h5 a3
17.g5 axb2 18.Bxb2 bxc3 19.Bxc3 d4 20.Bd2 Nb4 21.a3 Nd5 22.f5 exf5 23.e6 N7b6
24.exf7+ Rxf7 25.g6 Rf6 26.Nh4 Qd7 27.gxh7+ Kh8 28.Qf3 Bc6 29.Ng6+ Kxh7 30.Ne5 Qe6
31.Nxc6 Qxc6 32.Bg5 Rf7 33.Bxe7 Rxe7 34.Qxf5+ Kg8 35.Be4 Rxe4 36.Qxe4 Re8
37.Qf5 Qc7 38.Qf3 Re5 39.Ra2 Ne3 40.Qf8+ Kh7 41.Rf7 Rg5+ 42.Rg2 Qe5 43.h6 Nxg2
44.Rxg7+ Rxg7 45.Qxg7+ Qxg7 46.hxg7 Nxe1  0-1

[Event "zt 3.1"]
[Site "Beirut LIB"]
[Date "2004.12.17"]
[Round "5"]
[White "Jasim,A"]
[Black "Al Modiahki,M"]
[Result "0-1"]
[WhiteElo "2312"]
[BlackElo "2577"]

1.Nf3 d5 2.g3 c6 3.Bg2 Nf6 4.O-O Bg4 5.c4 e6 6.d3 Nbd7 7.cxd5 cxd5 8.h3 Bxf3
9.Bxf3 Be7 10.Nc3 O-O 11.e4 dxe4 12.dxe4 Ne5 13.Be2 Bb4 14.Qb3 Qa5 15.Bf4 Nc6
16.Bd3 Nd4 17.Qc4 Rfd8 18.e5 Nd5 19.Nxd5 Qxd5 20.f3 Nc6  0-1

[Event "zt 3.1"]
[Site "Beirut LIB"]
[Date "2004.12.17"]
[Round "5"]
[White "Hussein,NA"]
[Black "Maasarani,M"]
[Result "1/2-1/2"]
[WhiteElo "2349"]
[BlackElo "2172"]

1.Nf3 d5 2.g3 g6 3.Bg2 Bg7 4.c4 c6 5.d4 Nf6 6.O-O O-O 7.cxd5 cxd5 8.Nc3 Nc6
9.Ne5 Qb6 10.Nxc6 Qxc6 11.Bg5 Be6 12.e4 Qd7 13.Bxf6 Bxf6 14.exd5 Bg4 15.Qd2 Bf5
16.Nd1 Qa4 17.Ne3 Bd7 18.Rfd1 Rac8 19.b3 Qa6 20.Nc4 h5 21.d6 b5 22.dxe7 Bxe7
23.Ne5 Bf5 24.Rac1 Ba3 25.Rc6 Rxc6 26.Nxc6 Bd6 27.Re1 Qa3 28.b4 Kh7 29.Be4 Bd7
30.Re3 Qa6 31.d5 Qb6 32.Ra3 a6 33.Qd4 Qxd4 34.Nxd4 Ra8 35.Nc6 Kg7 36.Kg2 g5
37.Rc3 Re8 38.Bd3 f5 39.a3 Kf6 40.Bc2 f4 41.gxf4 Bxf4 42.h3 h4 43.Bd1 Bf5
44.Nd4 Be4+ 45.Bf3 Bxf3+ 46.Nxf3 Rd8 47.Rd3 Rd6 48.Ng1 Ke5 49.Ne2 Ke4 50.Rf3 Be5
51.Re3+ Kxd5 52.Nc3+ Bxc3 53.Rxc3 Ke4 54.Rc5 Kf4 55.a4 bxa4 56.Ra5 Rb6 57.Rxa4 Rb5
58.Rxa6 Rxb4 59.Rf6+ Ke5 60.Rf8 Rb3 61.Rf7 Ra3 62.Rf8 Rb3  1/2-1/2

[Event "Open"]
[Site "Zadar CRO"]
[Date "2004.12.17"]
[Round "7"]
[White "Kljako,D"]
[Black "Kovacevic,B"]
[Result "0-1"]
[WhiteElo "2257"]
[BlackElo "2503"]

1.g3 d5 2.Nf3 Nf6 3.Bg2 e6 4.O-O Be7 5.d3 b6 6.b3 O-O 7.Bb2 Bb7 8.c4 c5 9.Nbd2 d4
10.Ne5 Bxg2 11.Kxg2 Qc7 12.Nef3 Nc6 13.a3 e5 14.Ne1 Nd7 15.e4 Bd6 16.Qe2 g6
17.g4 Kg7 18.h3 Nd8 19.Kg3 Ne6 20.Ng2 Rh8 21.Rh1 Be7 22.Nf1 h5 23.f3 Rh7
24.Bc1 Rah8 25.Rg1 Qd8 26.Kf2 Bh4+ 27.Ng3 Bxg3+ 28.Kxg3 hxg4 29.hxg4 Rh2
30.Kf2 Qh4+ 31.Kf1 Qh3 32.Qf2 g5 33.Ra2 Ndf8 34.Ke1 Rh1 35.Rf1 Rh6 36.Re2 Rf6
37.Rxh1 Qxh1+ 38.Kd2 Qh3 39.Ne1 Nf4 40.Qh2 Rh6 41.Qxh3 Rxh3 42.Rf2 Rh1 43.Bb2 N8g6
44.a4 Nh3  0-1

[Event "Open"]
[Site "Zadar CRO"]
[Date "2004.12.19"]
[Round "9"]
[White "Saric,A"]
[Black "Doric,D"]
[Result "1-0"]
[WhiteElo "2437"]
[BlackElo "2324"]

1.Nf3 d5 2.g3 c6 3.Bg2 Bg4 4.d4 Nd7 5.O-O Ngf6 6.Nbd2 e6 7.Re1 Be7 8.e4 dxe4
9.Nxe4 Nxe4 10.Rxe4 Bf5 11.Re1 O-O 12.c3 Rc8 13.Qb3 Qb6 14.Nd2 Qc7 15.Nc4 Bd3
16.Bf4 Bxc4 17.Qxc4 Bd6 18.Bd2 Nf6 19.Rad1 h6 20.Qe2 Rfd8 21.Qf3 Be7 22.Bf1 Qa5
23.Bc4 Qh5 24.Qg2 Qa5 25.Bb3 Qb6 26.Be3 Qa6 27.Qh3 Nd5 28.Bc1 c5 29.c4 Nb4
30.d5 exd5 31.Rxe7 dxc4 32.Qf5 Rxd1+ 33.Bxd1 Rf8 34.Qxc5 Nd3 35.Qe3 Qxa2
36.Bc2 Qa1 37.Bxd3 cxd3 38.Rc7 Qb1 39.Kg2 Rd8 40.Qe7 Rf8 41.Bd2 Qxb2 42.Bb4  1-0

[Event "zt 3.1"]
[Site "Beirut LIB"]
[Date "2004.12.20"]
[Round "8"]
[White "Jasim,A"]
[Black "Ghaem Maghami,E"]
[Result "0-1"]
[WhiteElo "2312"]
[BlackElo "2558"]

1.Nf3 d5 2.g3 Nf6 3.Bg2 c5 4.c4 d4 5.O-O Nc6 6.d3 e5 7.e4 Be7 8.h3 h5 9.Nh4 Ng8
10.Nf3 h4 11.g4 Be6 12.Bd2 a6 13.Qc1 Bd7 14.Ne1 Bd6 15.f4 exf4 16.Bxf4 Ne5
17.b4 b6 18.bxc5 bxc5 19.Qa3 Qc7 20.Bd2 Ne7 21.Ba5 Qc8 22.Nd2 N7c6 23.Rf5 Nxa5
24.Qxa5 Rb8 25.Ndf3 Bxf5 26.exf5 O-O 27.Qd2 Nxf3+ 28.Nxf3 Qc7 29.Qg5 Qe7
30.Qh5 Qe3+ 31.Kh1 Qf4 32.Qxh4 Rb2 33.g5 Qxf5 34.Nxd4 cxd4 35.Be4 Rh2+  0-1

[Event "Asian Juniors Girls"]
[Site "Bikaner IND"]
[Date "2004.12.23"]
[Round "2"]
[White "Saheli,N"]
[Black "Pratibha,Y"]
[Result "1-0"]
[WhiteElo "2130"]
[BlackElo "2203"]

1.Nf3 d5 2.g3 c6 3.Bg2 Bg4 4.O-O Nd7 5.d3 e5 6.e4 Ngf6 7.Qe1 Bd6 8.Nc3 O-O
9.h3 Be6 10.Ng5 Qe7 11.f4 dxe4 12.Ngxe4 Nxe4 13.Nxe4 Bc7 14.f5 Bd5 15.Be3 f6
16.Qf2 Rfd8 17.b3 Bf7 18.Rad1 Bb6 19.c4 Bxe3 20.Qxe3 c5 21.Nc3 Nb6 22.Be4 Rd7
23.Rd2 Rad8 24.Rb2 a6 25.Qf3 Qd6 26.Ne2 Rb8 27.g4 Nc8 28.h4 Ne7 29.Kh1 b5
30.Rc2 Rc7 31.g5 Be8 32.Rg1 Bc6 33.Nc3 fxg5 34.hxg5 b4 35.Nd5 Nxd5 36.cxd5 Be8
37.Rh2 Rd8 38.g6 h6 39.Qe3 Qf6 40.Rg3 a5 41.Rgg2 a4 42.Rc2 axb3 43.axb3 Ra8
44.Ra2 Rca7 45.Rxa7 Rxa7 46.Kg2 Bd7 47.Rh5 Ra2+ 48.Kg3 Qd6 49.Qc1 Bc8 50.Rh2 Ra5
51.Rf2 Qf6 52.d6 Kf8 53.Qc4 Bd7 54.Qc1 Be8 55.Rc2 Qxd6 56.f6 Bc6 57.fxg7+ Kxg7
58.Rh2 Bxe4 59.Qxh6+ Kf6 60.g7+ Bg6 61.Rf2+ Ke7 62.g8=Q Qxd3+ 63.Rf3 Qd8  1-0

[Event "Czech Christmas"]
[Site "Litomysl CZE"]
[Date "2004.12.27"]
[Round "2"]
[White "Cernousek,L"]
[Black "Sochor,S"]
[Result "1-0"]
[WhiteElo "2343"]
[BlackElo "2133"]

1.Nf3 d5 2.g3 c5 3.Bg2 Nc6 4.d4 e6 5.O-O Nf6 6.c4 Be7 7.Nc3 O-O 8.Bg5 cxd4
9.Nxd4 h6 10.Bf4 a6 11.cxd5 exd5 12.Rc1 Re8 13.Nxc6 bxc6 14.Na4 Bd7 15.Be3 Rb8
16.b3 Qa5 17.Bc5 Bxc5 18.Rxc5 Rb5 19.Rc2 Ne4 20.Bxe4 Rxe4 21.Nc3 Re5 22.Nxb5 Qxb5
23.Qd3 Qb6 24.Qd2 Bf5 25.Rc3 d4 26.Rc4 c5 27.b4 Qe6 28.Rxc5 Rxe2 29.Qxd4 Bh3
30.Qd8+ Kh7 31.Qd3+ g6 32.Qb3 Bxf1 33.Qxe6 fxe6 34.Kxf1 Rxa2 35.Rc7+ Kg8
36.Re7 Ra4 37.Rxe6 Kf7 38.Rb6 a5 39.bxa5 Rxa5 40.Kg2 h5 41.Rd6 Ra2 42.Kf3 Kg7
43.h3 Ra3+ 44.Kf4 Ra4+ 45.Ke5 Ra2 46.Rd7+ Kh6 47.f4 Rg2 48.Rd3 Kg7 49.Ke4 Re2+
50.Re3 Rg2 51.Ra3 Re2+ 52.Kf3 Rb2 53.Ra7+ Kf6 54.g4 Rb3+ 55.Ke4 Rb4+ 56.Kf3 Rb3+
57.Kg2 hxg4 58.hxg4 Ke6 59.Rh7 Kf6 60.Rh3 Rb4 61.Kg3 Kg7 62.Rh1 Rb7 63.Rc1 Rf7
64.Rc4 Ra7 65.Kh4 Kh6 66.Rc6 Kg7 67.Kg5 Ra5+ 68.f5 gxf5 69.gxf5 Ra7 70.Rb6 Rc7
71.Rg6+ Kf7 72.Rh6 Rc1 73.Rh7+ Kg8 74.Re7 Kf8 75.Kf6 Rc6+ 76.Re6 Rc8 77.Ra6 Rb8
78.Kg6 Rc8 79.f6 Kg8 80.Ra7 Rb8 81.Rg7+ Kh8 82.Rh7+  1-0

[Event "20th Open"]
[Site "Nice FRA"]
[Date "2004.12.27"]
[Round "3"]
[White "Lazic,Mi"]
[Black "Venner,L"]
[Result "1/2-1/2"]
[WhiteElo "2512"]
[BlackElo "2044"]

1.g3 d5 2.Nf3 Nf6 3.Bg2 c6 4.O-O Nbd7 5.d3 e5 6.e4 Bd6 7.Nc3 O-O 8.Nh4 Nb6
9.h3 Be6 10.Qf3 Qd7 11.g4 d4 12.Ne2 Nxg4 13.hxg4 Bxg4 14.Qg3 Bxe2 15.Bh3 Qd8
16.Bh6 g6 17.Rfe1 Bh5 18.Bxf8 Bxf8 19.Ng2 Bb4 20.Rf1 Be2 21.Rfb1 Qf6 22.f4 Bd6
23.Qf2 Bh5 24.Rf1 exf4 25.Nxf4 Bxf4 26.Qxf4 Qxf4 27.Rxf4 Na4 28.e5 c5 29.Bg2 Re8
30.Raf1 Re7 31.Bd5 g5 32.Rf6 Nb6 33.Bb3 Nd7 34.R6f5 h6 35.e6 fxe6 36.Re1 Bf7
37.Ba4 Nb6 38.Bb3 Nd7 39.Ba4 Nb6 40.Bb3  1/2-1/2

[Event "Open A"]
[Site "Robecchetto ITA"]
[Date "2004.12.27"]
[Round "1"]
[White "Volpi,D"]
[Black "Sbarra,M"]
[Result "0-1"]
[WhiteElo "2069"]
[BlackElo "2231"]

1.Nf3 d5 2.g3 c5 3.Bg2 Nc6 4.O-O e5 5.d3 Nf6 6.Nbd2 Be7 7.c4 d4 8.Re1 O-O
9.Nf1 h6 10.e3 Bf5 11.Nh4 Bg4 12.Qd2 Qd7 13.Bxc6 bxc6 14.e4 Nh7 15.f4 exf4
16.Nf5 Ng5 17.Qxf4 Nh3+  0-1

[Event "Open A"]
[Site "Krakow POL"]
[Date "2004.12.28"]
[Round "2"]
[White "Lubczynski,R"]
[Black "Stryjecki,M"]
[Result "1/2-1/2"]
[WhiteElo "2252"]
[BlackElo "2415"]

1.Nf3 d5 2.g3 Bg4 3.d4 Bxf3 4.exf3 Nd7 5.f4 g6 6.Bg2 e6 7.O-O Bg7 8.c4 c6
9.cxd5 cxd5 10.Be3 Ne7 11.Nd2 O-O 12.Nf3 Qb6 13.Qb3 Rfc8 14.Rfc1 Nf5 15.Qxb6 Nxb6
16.b3 Nd7 17.g4 Nd6 18.Ne5 Nf6 19.f3 Bf8 20.Bf1 Be7 21.Rxc8+ Rxc8 22.Rc1 Rxc1
23.Bxc1 Kf8 24.Kf2 Ke8 25.Bd3 Nd7 26.Ba3 f6 27.Nxd7 Kxd7 28.f5 gxf5 29.gxf5  1/2-1/2

[Event "20th Open"]
[Site "Nice FRA"]
[Date "2004.12.28"]
[Round "5"]
[White "Lazic,Mi"]
[Black "Oliveira,Sa"]
[Result "1/2-1/2"]
[WhiteElo "2512"]
[BlackElo "2069"]

1.g3 d5 2.Nf3 Nf6 3.Bg2 g6 4.O-O Bg7 5.d3 O-O 6.Nbd2 b6 7.e4 dxe4 8.dxe4 Bb7
9.Qe2 Nc6 10.e5 Ng4 11.h3 Ngxe5 12.Nxe5 Nd4 13.Qc4 Bxg2 14.Kxg2 Bxe5 15.c3 Nf5
16.Nf3 Bd6  1/2-1/2

[Event "Open A"]
[Site "Bethune FRA"]
[Date "2004.12.29"]
[Round "5"]
[White "Giffard,N"]
[Black "Mirzoev,A"]
[Result "0-1"]
[WhiteElo "2341"]
[BlackElo "2513"]

1.Nf3 d5 2.g3 Nf6 3.Bg2 e6 4.O-O Be7 5.d3 c5 6.Nbd2 Nc6 7.e4 O-O 8.Re1 b5
9.exd5 Nxd5 10.a4 b4 11.Nc4 Bb7 12.h4 Rc8 13.Bg5 f6 14.Bd2 e5 15.a5 Rc7 16.c3 Bc8
17.h5 Be6 18.h6 g6 19.d4 Nxc3 20.bxc3 Bxc4 21.dxe5 fxe5 22.cxb4 cxb4 23.Rc1 Bd5
24.Ng5 Bxg2 25.Kxg2 Qd5+ 26.Ne4 Rd7 27.Qa4 Rc7 28.a6 Rcc8 29.f3 b3 30.Qc4 Qxc4
31.Rxc4 Nd4 32.Rxc8 Rxc8 33.Bc3 Rxc3 34.Nxc3 Bb4 35.Rxe5 Bxc3 36.Re8+ Kf7
37.Rh8 b2 38.Rxh7+ Kg8 39.Rb7 Nc2  0-1

[Event "20th Open"]
[Site "Nice FRA"]
[Date "2004.12.30"]
[Round "7"]
[White "Lazic,Mi"]
[Black "Ribreau,H"]
[Result "1/2-1/2"]
[WhiteElo "2512"]
[BlackElo "2222"]

1.g3 d5 2.Nf3 c5 3.Bg2 Nc6 4.d4 e6 5.O-O Nf6 6.c4 Be7 7.cxd5 exd5 8.Nc3 O-O
9.Bg5 c4 10.Ne5 Be6 11.Nxc6 bxc6 12.b3 Qa5 13.Qc2 Rad8 14.e3 c5 15.Ne2 h6
16.Bf4 Qa6 17.dxc5 Bxc5 18.Be5 Nd7 19.Bd4 Bxd4 20.Nxd4 Ne5 21.h3 Rfe8 22.Rfd1 Bc8
23.Kh2 Qf6 24.Rd2 Ba6 25.b4 Nd3 26.a3 Bc8 27.Bf1 Bf5 28.Bxd3 Bxd3 29.Qc3 h5
30.h4 Re4 31.Kg2 Rde8 32.Rxd3 cxd3 33.Qxd3 Rc8 34.a4 Rc4 35.b5 Re8 36.a5 Rec8
37.Rb1 Rc3 38.Qd1 Qg6 39.b6 axb6 40.Rxb6 Qe4+ 41.Qf3 Ra8 42.Rb5 Rd8 43.Qxe4 dxe4
44.Rxh5 g6 45.Re5 Ra8 46.h5 Kg7 47.hxg6 Kxg6 48.Rxe4 Rxa5 49.g4 Ra2 50.Kg3 Rc1
51.f3 Ra6 52.Re8 Rc4 53.Nf5 Kh7 54.Re7 Kg6 55.Rb7 Rca4 56.e4 Ra7 57.Rb6+ f6
58.Nh4+ Kf7 59.Kf4 R4a5 60.Nf5 Kg6 61.Nh4+ Kf7 62.Rb8 Ra8 63.Rb7+ Kg8 64.Nf5 R5a7
65.Rxa7 Rxa7 66.g5 Kf7 67.gxf6 Kxf6 68.Ne3 Ra3 69.Nc2 Ra4 70.Ne3 Ra3 71.Nf5 Ra4
72.Nh4 Rb4 73.Ng2 Ra4 74.Ne1 Rb4 75.Nd3 Ra4 76.Ke3 Ra1 77.f4 Ra3 78.f5  1/2-1/2

[Event "47th It"]
[Site "Reggio Emilia ITA"]
[Date "2004.12.30"]
[Round "2"]
[White "Delchev,A"]
[Black "Sciortino,Mas"]
[Result "1/2-1/2"]
[WhiteElo "2601"]
[BlackElo "2222"]

1.Nf3 d5 2.g3 Bg4 3.Bg2 c6 4.b3 Nd7 5.Bb2 Ngf6 6.O-O e6 7.d4 Bd6 8.Nbd2 Qe7
9.Re1 Bxf3 10.Bxf3 Ba3 11.Qc1 Bxb2 12.Qxb2 O-O 13.e4 dxe4 14.Nxe4 Nxe4 15.Rxe4 Nf6
16.Re5 Rfd8 17.b4 a6 18.a4 Qd6 19.c3 Nd7 20.Re2 e5  1/2-1/2

[Event "Gibraltar Masters"]
[Site "Caleta ENG"]
[Date "2005.01.01"]
[Round "8"]
[White "Jasim,A"]
[Black "Pert,N"]
[Result "1/2-1/2"]
[WhiteElo "2340"]
[BlackElo "2501"]

1.Nf3 d5 2.g3 Nf6 3.Bg2 g6 4.b3 c5 5.Bb2 Nc6 6.O-O Bg7 7.c4 d4 8.e3 O-O 9.exd4 cxd4
10.b4 Bg4 11.Qb3 e5 12.d3 Re8 13.Nbd2 a5 14.a3 h6 15.Rfe1 axb4 16.axb4 Rxa1
17.Rxa1 Bf5 18.b5 Na5 19.Qa4 b6 20.c5 Nb7 21.Nxe5 Nxc5 22.Qxd4 Nfd7 23.f4 Nxe5
24.fxe5 Nxd3 25.Ra8 Qxd4+ 26.Bxd4 Rxa8 27.Bxa8 Nxe5 28.Bxb6 Bd7 29.Nf3 Nc4
30.Bc5 Bxb5 31.Bd5 Nb2 32.Nh4 Na4 33.Be3 Nc3 34.Bb3 Bd3 35.Nf3 Be4 36.Nd2 Bc6
37.Kf2 h5 38.Kg1 Be5 39.Nc4 Bb8 40.Nb6 Ba7 41.Nc4 Bb8 42.Nb6 Kf8 43.Nc8 Ke8
44.Kf1 Bc7 45.Nb6 Bxb6 46.Bxb6 Ne4 47.Bc2 Nd6 48.Bc5 Nc4 49.Kf2 Ne5 50.Ba7 Ke7
51.Bd1 Bd5 52.Ke3 Ke6 53.Be2 f6 54.Bd4 Nc6 55.Bc3 Ne7 56.Bd3 Kf7 57.Kd4 Be6
58.Kc5 Bb3 59.Kd6 Ng8 60.Bd2 Kg7 61.Be2 Bf7 62.Kc5 Ne7 63.Bd3 Ba2 64.Kd6 Ng8
65.Bc3 Bb3 66.h4 Kf7 67.Bd2 Ne7 68.Be4 Nc8+ 69.Kc7 Be6 70.Bb7 Ne7 71.Be4 Bd5
72.Bd3 Ke6 73.Kb6 Bb3 74.Kc5 Ba2 75.Kd4 Nc6+ 76.Ke3 Kf7 77.Bc3 Bd5 78.Kf4 Nd8
79.Ke3 Ne6 80.Be2 Bb3 81.Bf3 Nc7 82.Ba5 Ne6 83.Bb4 Ng7 84.Bc3 Nf5+ 85.Kf4 Nh6
86.Ke3 Ke6 87.Kf4 Nf7 88.Ke3 Bc2 89.Be2 Nd6 90.Kf4 Ne4 91.Bc4+ Kd7 92.Bb4 g5+
93.hxg5 fxg5+ 94.Kf3 Nf6 95.Ba2 Bd1+ 96.Ke3 Ba4 97.Kd2 h4 98.gxh4 gxh4 99.Bb1  1/2-1/2

[Event "Czech Christmas"]
[Site "Litomysl CZE"]
[Date "2005.01.01"]
[Round "8"]
[White "Stehno,P"]
[Black "Splosnov,S"]
[Result "1/2-1/2"]
[WhiteElo "2326"]
[BlackElo "2367"]

1.Nf3 d5 2.g3 Nf6 3.Bg2 c6 4.O-O Bg4 5.d3 Nbd7 6.h3 Bxf3 7.Bxf3 g6 8.Nd2 Bg7
9.e4 O-O 10.Qe2 e5 11.b3 Re8 12.Bb2 Qc7 13.Bg2 Rad8 14.Rad1 b6 15.h4 Nf8
16.Nf3 dxe4 17.dxe4  1/2-1/2

[Event "Gibraltar Masters"]
[Site "Caleta ENG"]
[Date "2005.01.02"]
[Round "9"]
[White "Hennigan,M"]
[Black "Dunn,An1"]
[Result "1/2-1/2"]
[WhiteElo "2408"]
[BlackElo "2186"]

1.Nf3 d5 2.g3 Nf6 3.Bg2 Bf5 4.O-O c6 5.d3 Nbd7 6.c4 e6 7.cxd5 cxd5 8.Nc3 Be7
9.Re1 O-O 10.e4 Bg4 11.h3 Bxf3 12.Bxf3 Ne5 13.Be2 Nc6 14.Bf3 Ne5 15.Bg2 dxe4
16.dxe4 Nd3 17.Re2 Nxc1 18.Rxc1 Qxd1+ 19.Nxd1 Rfc8 20.Rec2 Rxc2 21.Rxc2 Rd8
22.Ne3 e5 23.f4 exf4 24.gxf4 b6 25.Kf2 Bc5 26.Ke2 g6 27.Bf3 h5 28.a3 a5 29.e5 Bxe3
30.Kxe3 Nd5+ 31.Bxd5 Rxd5 32.a4 Rd1 33.Rc6 Rh1 34.Rxb6 Rxh3+ 35.Ke4 Rh4 36.e6 fxe6
37.Rxe6 Kf7 38.Re5 Rh2 39.Rb5 Rc2 40.Kd3 Rg2 41.Ke4 Rc2 42.b3 Rc3 43.Rxa5  1/2-1/2

[Event "Open A"]
[Site "Krakow POL"]
[Date "2005.01.02"]
[Round "7"]
[White "Sygulski,B"]
[Black "Krysztofiak,M"]
[Result "1/2-1/2"]
[WhiteElo "2282"]
[BlackElo "2410"]

1.Nf3 d5 2.g3 Nf6 3.Bg2 c6 4.b3 Bf5 5.Bb2 Nbd7 6.c4 e6 7.O-O Bd6 8.d3 O-O
9.Nbd2 Qe7 10.Re1 e5 11.cxd5 cxd5 12.e4 dxe4  1/2-1/2

[Event "Lidums Australian Open"]
[Site "Mount Buller AUS"]
[Date "2005.01.02"]
[Round "5"]
[White "Kengis,E"]
[Black "Arlandi,E"]
[Result "1/2-1/2"]
[WhiteElo "2543"]
[BlackElo "2440"]

1.Nf3 d5 2.g3 g6 3.Bg2 Bg7 4.d4 Nh6 5.c3 Nf5 6.Nbd2 Nd6 7.h4 h6 8.Ne5 c6
9.e4 dxe4 10.Qe2 Nd7 11.Nxd7 Bxd7 12.Nxe4 Nxe4 13.Bxe4 Qa5 14.b4 Qb6 15.O-O O-O
16.Bf4 Rfe8 17.Qd2 h5 18.Rfe1 a5 19.Rab1 axb4 20.Rxb4 Qa7 21.a4 Bc8 22.Bc7 c5
23.Bb6 cxb4 24.Bxa7 Rxa7 25.cxb4 Rxa4 26.Rc1 Ra6 27.Rc7 Rd6 28.Bxb7 Bxb7
29.Rxb7 Bxd4 30.Kg2 e5 31.Qe2 Rf6 32.f4 Kg7 33.Qc4 Rd8 34.Qc7 Ra8 35.Qc4 Be3
36.fxe5 Rf2+ 37.Kh3 Ra1 38.Qd5 Rf5 39.Qe4 Re1 40.e6 Bf2 41.Qc6 Ree5 42.Rxf7+ Rxf7
43.exf7 Rf5 44.b5 Rxf7 45.b6 Bd4 46.Qd6 Bxb6 47.Qxb6 Kh7 48.Qe6 Rf5 49.g4 hxg4+
50.Kxg4 Kg7 51.Qe7+ Kg8 52.Qe8+ Kg7 53.Qd7+ Kg8 54.Qe7 Kh8 55.h5 Rxh5 56.Qf8+ Kh7
57.Qf7+ Kh6 58.Qg8 Rg5+ 59.Kf4 Rf5+ 60.Ke4 Kg5 61.Qh8 Rf7 62.Ke5 Re7+ 63.Kd6 Re4
64.Kd5 Rf4 65.Ke5 Rf5+ 66.Ke6 Rf4 67.Qe5+ Rf5 68.Qe3+ Kh5 69.Qc1 Rf8 70.Ke5 Rf5+
71.Ke4 Rf7 72.Qh1+ Kg5 73.Qh8 Rf5 74.Ke3 Rf7 75.Qg8 Rf5 76.Qg7 Kh5 77.Qh8+ Kg5
78.Qh7 Kf6 79.Ke4 Re5+ 80.Kd4 Rf5 81.Qg8 Kg5 82.Qh8 Rf7 83.Kd5 Rf5+ 84.Ke6 Rf4
85.Qe5+ Rf5 86.Qe3+ Kh5 87.Qc1 Rf8 88.Ke7 Rf5 89.Qd2 g5  1/2-1/2

[Event "Lidums Australian Open"]
[Site "Mount Buller AUS"]
[Date "2005.01.02"]
[Round "5"]
[White "Kengis,E"]
[Black "Arlandi,E"]
[Result "1/2-1/2"]
[WhiteElo "2543"]
[BlackElo "2440"]

1.Nf3 d5 2.g3 g6 3.Bg2 Bg7 4.d4 Nh6 5.c3 Nf5 6.Nbd2 Nd6 7.h4 h6 8.Ne5 c6
9.e4 dxe4 10.Qe2 Nd7 11.Nxd7 Bxd7 12.Nxe4 Nxe4 13.Bxe4 Qa5 14.b4 Qb6 15.O-O O-O
16.Bf4 Rfe8 17.Qd2 h5 18.Rfe1 a5 19.Rab1 axb4 20.Rxb4 Qa7 21.a4 Bc8 22.Bc7 c5
23.Bb6 cxb4 24.Bxa7 Rxa7 25.cxb4 Rxa4 26.Rc1 Ra6 27.Rc7 Rd6 28.Bxb7 Bxb7
29.Rxb7 Bxd4 30.Kg2 e5 31.Qe2 Rf6 32.f4 Kg7 33.Qc4 Rd8 34.Qc7 Ra8 35.Qc4 Be3
36.fxe5 Rf2+ 37.Kh3 Ra1 38.Qd5 Rf5 39.Qe4 Re1 40.e6 Bf2 41.Qc6 Ree5 42.Rxf7+ Rxf7
43.exf7 Rf5 44.b5 Rxf7 45.b6 Bd4 46.Qd6 Bxb6 47.Qxb6 Kh7 48.Qe6 Rf5 49.g4 hxg4+
50.Kxg4 Kg7 51.Qe7+ Kg8 52.Qe8+ Kg7 53.Qd7+ Kg8 54.Qe7 Kh8 55.h5 Rxh5 56.Qf8+ Kh7
57.Qf7+ Kh6 58.Qg8 Rg5+ 59.Kf4 Rf5+ 60.Ke4 Kg5 61.Qh8 Rf7 62.Ke5 Re7+ 63.Kd6 Re4
64.Kd5 Rf4 65.Ke5 Rf5+ 66.Ke6 Rf4 67.Qe5+ Rf5 68.Qe3+ Kh5 69.Qc1 Rf8 70.Ke5 Rf5+
71.Ke4 Rf7 72.Qh1+ Kg5 73.Qh8 Rf5 74.Ke3 Rf7 75.Qg8 Rf5 76.Qg7 Kh5 77.Qh8+ Kg5
78.Qh7 Kf6 79.Ke4 Re5+ 80.Kd4 Rf5 81.Qg8 Kg5 82.Qh8 Rf7 83.Kd5 Rf5+ 84.Ke6 Rf4
85.Qe5+ Rf5 86.Qe3+ Kh5 87.Qc1 Rf8 88.Ke7 Rf5 89.Qd2 g5 90.Qh2+ Kg4 91.Qg2+ Kh4
92.Ke6 Rf4 93.Ke5 Kh5 94.Qc6 Kg4 95.Qh6 Rf5+ 96.Ke6 Rf4 97.Qh1 Rf8 98.Qd1+ Kh4
99.Ke5 Rf4 100.Qh1+ Kg4 101.Qh7 Rf3 102.Ke4 Rf4+ 103.Ke3 Rf3+ 104.Ke2 Rf4
105.Ke3 Rf3+ 106.Ke4 Rf4+ 107.Ke5 Rf3 108.Qe4+ Rf4 109.Qe2+ Kh4 110.Ke6 Rf8
111.Ke7 Rf4 112.Qd1 g4 113.Qh1+ Kg3 114.Ke6 Rf3 115.Ke5 Rf7 116.Ke4 Rf4+
117.Ke3 Rf3+ 118.Ke2 Rf2+ 119.Ke1 Rf3 120.Qh5 Kf4 121.Qh4 Kf5 122.Ke2 Kf4
123.Qh2+ Kg5 124.Qh7 Kf4 125.Qh4 Kf5 126.Qh6 Rh3 127.Qf8+ Kg5 128.Qg7+ Kf5
129.Kf2 Rf3+ 130.Kg2 Rh3 131.Qd7+ Kg5 132.Qd5+ Kg6 133.Qe4+ Kg5 134.Qe5+ Kg6
135.Qf4 Kh5 136.Qf5+ Kh4 137.Qg6 Rg3+ 138.Kf2 Rf3+ 139.Ke2 Kh3 140.Qh5+ Kg3
141.Qh6 Rf2+  1/2-1/2

[Event "Open A"]
[Site "Krakow POL"]
[Date "2005.01.03"]
[Round "8"]
[White "Nikolaev,L"]
[Black "Klykow,L"]
[Result "1-0"]
[WhiteElo "2301"]
[BlackElo "2160"]

1.Nf3 d5 2.g3 Nf6 3.Bg2 c6 4.c4 dxc4 5.Qc2 b5 6.a4 Bb7 7.b3 cxb3 8.Qxb3 Qd5
9.Qb2 a6 10.O-O Nbd7 11.axb5 Qxb5 12.Qc2 e5 13.d4 exd4 14.Nxd4 Qc5 15.Qd2 O-O-O
16.Ba3 Qb6 17.Bxf8 Nxf8 18.e3 Ne6 19.Na3 Nxd4 20.exd4 Rxd4 21.Qg5 c5 22.Bxb7+ Kxb7
23.Qxg7 Rhd8 24.Nc2 Rg4 25.Qxf7+ Rd7 26.Qa2 Ka7 27.Rfb1 Qc6 28.Qb2 Rg8 29.Ne3 Rb7
30.Qe5 Rgb8 31.Rd1 Re8 32.Rd6 Rxe5 33.Rxc6 Ne4 34.Nc4 Re8 35.Rcxa6+  1-0

[Event "34th Rilton Cup"]
[Site "Stockholm SWE"]
[Date "2005.01.03"]
[Round "7"]
[White "Azizi,H"]
[Black "Paterek,M"]
[Result "0-1"]
[WhiteElo "2124"]
[BlackElo "2269"]

1.Nf3 d5 2.g3 g6 3.Bg2 Bg7 4.d3 e5 5.O-O Ne7 6.Nbd2 O-O 7.e4 Nbc6 8.c3 a5
9.a4 h6 10.Re1 Re8 11.exd5 Nxd5 12.d4 exd4 13.Rxe8+ Qxe8 14.Nxd4 Nxd4 15.cxd4 Nb4
16.Nc4 Be6 17.b3 Rd8 18.Bb2 b6 19.Qd2 Qd7 20.Rc1 Bxd4 21.Bxd4 Qxd4 22.Qxh6 Nd3
23.Rc2 Bxc4 24.bxc4 Nf4 25.Bf1 Qd1 26.Qxf4 Qxc2 27.Bh3 Rd6 28.Bg4 Qxa4 29.Bf3 b5  0-1

[Event "Intl"]
[Site "Hastings ENG"]
[Date "2005.01.04"]
[Round "8"]
[White "Pavlovic,Mi"]
[Black "Belov,Vl"]
[Result "0-1"]
[WhiteElo "2481"]
[BlackElo "2552"]

1.Nf3 d5 2.g3 c6 3.Bg2 Nf6 4.O-O Bg4 5.d4 Nbd7 6.Nbd2 e6 7.Re1 Be7 8.e4 O-O
9.c3 c5 10.exd5 Nxd5 11.Nc4 cxd4 12.Qxd4 Bf5 13.Qd1 Qc7 14.Nd4 Bg6 15.Bxd5 exd5
16.Rxe7 dxc4 17.Bf4 Qd8 18.Nc6 bxc6 19.Qxd7 Qb6 20.Qb7 h6 21.Rd1 Rad8 22.Rde1 Rd5
23.Qxb6 axb6 24.b3 Rd3 25.R7e3 Ra8 26.Re8+ Rxe8 27.Rxe8+ Kh7 28.bxc4 Rxc3
29.Rb8 Be4 30.Rxb6 Rxc4 31.Kf1 Ra4 32.Rb2 Bd5 33.Rc2 Ra6 34.h4 Bxa2 35.Ke2 Bd5
36.Be3 Ra4 37.Rc3 Kg6 38.Bd2 Kf5 39.f3 h5 40.Ke3 f6 41.Rc5 Ra3+ 42.Rc3 Ra2
43.Rc5 Rb2 44.Rc1 g5 45.hxg5 fxg5 46.g4+ hxg4 47.fxg4+ Kxg4 48.Rg1+ Kf5 49.Rf1+ Kg6
50.Bc3 Rb3 51.Rf6+ Kh5 52.Kd4 g4 53.Bd2 g3 54.Rf5+ Kg4 55.Rf4+ Kh3 56.Rf6 Kg2
57.Rg6 Kf2  0-1

[Event "34th Rilton Cup"]
[Site "Stockholm SWE"]
[Date "2005.01.05"]
[Round "9"]
[White "Tetenkina,I"]
[Black "Kafka,G"]
[Result "1-0"]
[WhiteElo "2255"]
[BlackElo "2122"]

1.Nf3 d5 2.g3 Nf6 3.Bg2 g6 4.O-O Bg7 5.d3 O-O 6.Nbd2 Re8 7.e4 dxe4 8.dxe4 e5
9.c3 b6 10.Re1 Nbd7 11.b4 Bb7 12.Qc2 Qe7 13.a4 a5 14.Ba3 Qe6 15.Ng5 Qe7 16.bxa5 Nc5
17.axb6 cxb6 18.Nc4 Qc7 19.Nxb6 Qxb6 20.Reb1 Qa6 21.Bxc5 h6 22.Nxf7 Kxf7
23.Qb3+ Re6 24.Bf1 Nxe4 25.Bxa6 Nxc5 26.Bxb7 Nxb3 27.Bxa8 Nxa1 28.Bd5 Kf6
29.Bxe6  1-0

[Event "XI Open A"]
[Site "Bosnjaci CRO"]
[Date "2005.01.07"]
[Round "7"]
[White "Predojevic,B"]
[Black "Sedlak,N"]
[Result "1/2-1/2"]
[WhiteElo "2509"]
[BlackElo "2521"]

1.Nf3 d5 2.g3 c6 3.Bg2 Bg4 4.O-O Nd7 5.d3 e6 6.b3 Ngf6 7.Bb2 Bc5 8.Nbd2 O-O
9.e4 dxe4 10.dxe4 e5 11.h3 Bxf3 12.Nxf3 b5 13.Qe2  1/2-1/2

[Event "XI Open A"]
[Site "Bosnjaci CRO"]
[Date "2005.01.08"]
[Round "8"]
[White "Drasko,M"]
[Black "Rogic,D"]
[Result "1/2-1/2"]
[WhiteElo "2486"]
[BlackElo "2482"]

1.Nf3 d5 2.g3 c6 3.Bg2 Bg4 4.O-O Nd7 5.d3 Ngf6 6.Qe1 e5 7.e4 dxe4 8.dxe4 Be7
9.Nbd2 Qc7 10.h3 Bxf3 11.Bxf3 O-O 12.a4 Nc5 13.Nc4 Rad8 14.b3 Ne6 15.Bg2 Nd4
16.Ra2 Rfe8 17.Be3 b6 18.Qa1 Bc5 19.b4 Bf8 20.c3 Ne6 21.Rd1 h6 22.Rad2 Rxd2
23.Rxd2 b5 24.Na5 a6 25.Qf1 Rb8 26.axb5 axb5 27.f3 c5 28.Qb1 cxb4 29.cxb4 Rc8
30.h4 Qc3 31.Rd3 Qxb4 32.Qxb4 Bxb4 33.Nb7 Rb8 34.Rb3 Be1 35.Nd6 Bxg3 36.Nf5 Bf4
37.Bf2 g6 38.Ne7+ Kg7 39.Bf1 Nh5 40.Rxb5 Ra8 41.Bc4 Ra1+ 42.Kg2 Bd2 43.Rxe5 Nhf4+
44.Kh2 Bb4 45.Rxe6 Nxe6 46.Bxe6 Rd1 47.Nc6 Rd2 48.Nxb4 Rxf2+ 49.Kg3 Rf1 50.Bd5 Rg1+
51.Kh2 Rd1 52.Nc6 f6 53.Ne7 h5 54.Kg2 Rc1 55.Nc6 Rd1 56.Nd8 f5 57.Ne6+ Kf6
58.Ng5 Ke5 59.Kg3 Rg1+ 60.Kh2 Rf1 61.Bf7 fxe4 62.fxe4 Kf4 63.Bxg6 Kg4 64.e5 Kxh4
65.Ne4 Rf5 66.Bxf5  1/2-1/2